Rozvojová pomoc a spolupráca 2008 aktuálne otázky medzinárodnej rozvojovej pomoci a spolupráce a vzťahy medzi rozvinutými a rozvojovými štátmi

Guardado en:
Detalles Bibliográficos
Autores Corporativos: Rozvojová pomoc a spolupráca 2008. Medzinárodná vedecká konferencia, Ekonomická univerzita v Bratislave. Fakulta medzinárodných vzťahov, European Commission, Slovenská katalícka charita blízko pri človeku
Otros Autores: Mattoš, Boris, 1977-, Nováček, Pavel, Škvrnda, František
Formato: Libro
Lenguaje:eslovaco
inglés
checo
Publicado: Bratislava Vydavateľstvo EKONÓM 2008
Materias:
Etiquetas: Agregar Etiqueta
Sin Etiquetas, Sea el primero en etiquetar este registro!

MARC

LEADER 00000nam$a2200000$$$4500
001 0090552
005 20240502072019.0
020 |a 978-80-225-2640-1 
041 0 |a slo 
041 0 |a eng 
041 0 |a cze 
044 |a SK 
245 1 0 |a Rozvojová pomoc a spolupráca 2008  |b aktuálne otázky medzinárodnej rozvojovej pomoci a spolupráce a vzťahy medzi rozvinutými a rozvojovými štátmi  |c zostavovateľ zborníka: Boris Mattoš 
264 1 |a Bratislava  |b Vydavateľstvo EKONÓM  |c 2008 
300 |a 288 s. 
610 2 0 |a pomoc rozvojová 
610 2 0 |a spolupráca medzinárodná 
610 2 0 |a vzťahy hospodárske medzinárodné 
610 2 0 |a krajiny rozvojové 
610 2 0 |a krajiny vyspelé 
700 1 |a Mattoš, Boris, 1977- 
700 1 |a Nováček, Pavel 
700 1 |a Škvrnda, František 
110 2 |a Rozvojová pomoc a spolupráca 2008. Medzinárodná vedecká konferencia 
710 2 |a Ekonomická univerzita v Bratislave. Fakulta medzinárodných vzťahov 
710 2 |a European Commission 
710 2 |a Slovenská katalícka charita blízko pri človeku